01423cam a22003613a 450000100090000000300050000900500170001400800410003101000170007202000150008903500230010404000250012704200140015205000240016608200180019010000220020824500460023025000240027626000370030030000210033744000360035850002050039450000150059965000220061465000630063665500280069965500310072765500400075871000620079873000520086083000590091285600900097113717550PILC20160115104204.0020919s2002 nyu j 000 1 eng d a 2002100920 a0743442415 a(OCoLC)ocm50630406 aZABcZABdOCLCQdDLC alccopycat aPZ 7b.W295s45 2002 aFIC#bSAB #451 aWarriner, Mercer.10aHounded by baskervilles cMercer Warriner a1st Simon Pulse ed. aNew York :bSimon Pulse,cc2002. a133 p. ;c18 cm. aSabrina, the teenage witchn#45 a"Based upon the characters in Archie comics ; And based upon the television series 'Sabrina, the teenage witch' ; created for television by Nell Scovell ; developed for television by Jonathan Schmock. aTV tie-in. 0aWitchesvFiction. 0aSabrina the Teenage Witch (Fictitious character)vFiction. 7aFantasy fiction.2gsafd 7aYoung adult fiction.2lcsh 7aRadio and television novels.2gsafd2 aCopyright Paperback Collection (Library of Congress)5DLC0 aSabrina, the teenage witch (Television program) 0aSabrina, the teenage witch (Young adult series) ;v45.423Publisher descriptionuhttp://www.loc.gov/catdir/description/simon052/2002100920.html